Beyond the revolution : (Record no. 353728)

000 -LEADER
fixed length control field 01353cam a2200325 a 4500
001 - CONTROL NUMBER
control field 700286
003 - CONTROL NUMBER IDENTIFIER
control field OSt
005 - DATE AND TIME OF LATEST TRANSACTION
control field 20180116192416.0
008 - FIXED-LENGTH DATA ELEMENTS--GENERAL INFORMATION
fixed length control field 960802s1996 enka b 000 0 eng
010 ## - LIBRARY OF CONGRESS CONTROL NUMBER
LC control number 96176418
020 ## - INTERNATIONAL STANDARD BOOK NUMBER
International Standard Book Number 1854902547 (UK)
040 ## - CATALOGING SOURCE
Original cataloging agency DLC
Transcribing agency DLC
Modifying agency DLC
043 ## - GEOGRAPHIC AREA CODE
Geographic area code ee-----
050 00 - LIBRARY OF CONGRESS CALL NUMBER
Classification number NA958
Item number .B45 1996
082 ## - DEWEY DECIMAL CLASSIFICATION NUMBER
Classification number 720.943
245 00 - TITLE STATEMENT
Title Beyond the revolution :
Remainder of title the architecture of Eastern Europe /
Statement of responsibility, etc. [editor, Maggie Toy].
260 ## - PUBLICATION, DISTRIBUTION, ETC.
Place of publication, distribution, etc. London :
Name of publisher, distributor, etc. Academy Editions ;
Place of publication, distribution, etc. Lanham, MD :
Name of publisher, distributor, etc. Distributed to the trade in the U.S.A. by National Book Network Inc.,
Date of publication, distribution, etc. 1996.
300 ## - PHYSICAL DESCRIPTION
Extent xvi, 95 p. :
Other physical details ill. (some col.) ;
Dimensions 31 cm.
490 1# - SERIES STATEMENT
Series statement Architectural design profile ;
Volume/sequential designation no 119
500 ## - GENERAL NOTE
General note Title page follows the preliminary pages.
500 ## - GENERAL NOTE
General note "... published as part of Architectural Design vol 66, 1-2/1996"--T.p. verso.
504 ## - BIBLIOGRAPHY, ETC. NOTE
Bibliography, etc. note Includes bibliographical references.
650 #0 - SUBJECT ADDED ENTRY--TOPICAL TERM
Topical term or geographic name entry element Architecture
Geographic subdivision Europe, Eastern
General subdivision History
Chronological subdivision 20th century.
9 (RLIN) 6663
700 1# - ADDED ENTRY--PERSONAL NAME
Personal name Toy, Maggie.
9 (RLIN) 6664
830 #0 - SERIES ADDED ENTRY--UNIFORM TITLE
Uniform title Architectural design profile ;
Volume/sequential designation 119.
9 (RLIN) 6665
906 ## - LOCAL DATA ELEMENT F, LDF (RLIN)
a 7
b cbc
c orignew
d 3
e ncip
f 19
g y-gencatlg
942 ## - ADDED ENTRY ELEMENTS (KOHA)
Source of classification or shelving scheme
Koha item type Book
Holdings
Withdrawn status Lost status Source of classification or shelving scheme Damaged status Not for loan Permanent Location Current Location Date acquired Total Checkouts Full call number Barcode Date last seen Copy number Cost, replacement price Price effective from Koha item type
          School of Art Design and Architecture (SADA) School of Art Design and Architecture (SADA) 07/18/2013   720.943 BEY 1996 SADA0002100 01/05/2017 1 9777.76 01/05/2017 Book
© 2023 Central Library, National University of Sciences and Technology. All Rights Reserved.